[Event "Chess Stars 5.0 Rapid"]
[Site "Moscow RUS"]
[Date "2025.06.27"]
[Round "5.2"]
[White "Radjabov, Teimour"]
[Black "Tomashevsky, Evgeny"]
[Result "1/2-1/2"]
[WhiteTitle "GM"]
[BlackTitle "GM"]
[WhiteElo "2692"]
[BlackElo "2681"]
[WhiteFideId "13400924"]
[BlackFideId "4147235"]
[EventDate "2025.06.26"]

1. e4 e5 2. Nf3 Nc6 3. Bc4 Nf6 4. d3 Bc5 5. c3 d6 6. Bg5 h6 7. Bh4 a5 8. Nbd2
Ba7 9. O-O g5 10. Bg3 O-O 11. Bb3 Kg7 12. Nc4 Be6 13. Ne3 Bxe3 14. fxe3 Bxb3 15.
axb3 Qd7 16. Qe2 b6 17. Nd2 Ng8 18. d4 f6 19. Rf2 Rae8 20. Raf1 Nce7 21. h3 Ng6
22. Bh2 Qe6 23. Qb5 Re7 24. Qd3 1/2-1/2

[Event "Chess Stars 5.0 Rapid"]
[Site "Moscow RUS"]
[Date "2025.06.27"]
[Round "5.3"]
[White "Sadhwani, Raunak"]
[Black "Assaubayeva, Bibisara"]
[Result "1-0"]
[WhiteTitle "GM"]
[BlackTitle "IM"]
[WhiteElo "2672"]
[BlackElo "2509"]
[WhiteFideId "35093487"]
[BlackFideId "13708694"]
[EventDate "2025.06.26"]

1. c4 Nf6 2. Nc3 g6 3. e4 d6 4. d4 Bg7 5. Be2 O-O 6. Be3 Na6 7. h3 e5 8. d5 Nc5
9. Qc2 a5 10. g4 Bd7 11. O-O-O a4 12. g5 Ne8 13. h4 c6 14. dxc6 bxc6 15. Bxc5
dxc5 16. Qd3 Ra7 17. Bg4 f5 18. exf5 Qb8 19. f6 Nxf6 20. Bxd7 Rxd7 21. Qe2 Rxd1+
22. Qxd1 Nh5 23. Ne4 Qb4 24. Ne2 Qxc4+ 25. N2c3 Nf4 26. Qxa4 Nd3+ 27. Kd2 Qf7
28. Kc2 c4 29. b3 cxb3+ 30. Qxb3 Qxb3+ 31. Kxb3 Nxf2 32. Rf1 Rb8+ 33. Kc4 Ng4
34. Rf3 Bf8 35. Rg3 h5 36. gxh6 Rb4+ 37. Kd3 Nxh6 38. Rxg6+ Kf7 39. Rxc6 Ng4 40.
h5 Rb2 41. Ng5+ Ke8 42. Rc8+ Ke7 43. Nd5+ Kd6 44. Rd8+ Kc6 45. Ke4 Bd6 46. Rc8+
Kd7 47. Ra8 Nh6 48. Nf6+ Ke7 49. Nd5+ Kd7 50. Rh8 Ng4 51. Kf5 Rg2 52. Ne4 Kc6
53. Ke6 Ba3 54. Rg8 Bc1 55. Rc8+ 1-0

[Event "Chess Stars 5.0 Rapid"]
[Site "Moscow RUS"]
[Date "2025.06.27"]
[Round "5.4"]
[White "Hou, Yifan"]
[Black "Lagno, Kateryna"]
[Result "1/2-1/2"]
[WhiteTitle "GM"]
[BlackTitle "GM"]
[WhiteElo "2633"]
[BlackElo "2515"]
[WhiteFideId "8602980"]
[BlackFideId "14109336"]
[EventDate "2025.06.26"]

1. e4 e5 2. Nf3 Nc6 3. d4 exd4 4. Nxd4 Nf6 5. Nc3 Bb4 6. Nxc6 bxc6 7. Bd3 d5 8.
exd5 cxd5 9. O-O O-O 10. Bg5 c6 11. Qf3 Bd6 12. Bxf6 Qxf6 13. Qxf6 gxf6 14. Ne2
Rb8 15. b3 Re8 16. Ng3 Bd7 17. Nf5 Bxf5 18. Bxf5 Re7 1/2-1/2

[Event "Chess Stars 5.0 Rapid"]
[Site "Moscow RUS"]
[Date "2025.06.27"]
[Round "5.5"]
[White "Karjakin, Sergey"]
[Black "Goryachkina, Aleksandra"]
[Result "1/2-1/2"]
[WhiteTitle "GM"]
[BlackTitle "GM"]
[WhiteElo "2750"]
[BlackElo "2533"]
[WhiteFideId "14109603"]
[BlackFideId "4147103"]
[EventDate "2025.06.26"]

1. d4 d5 2. Nf3 Nf6 3. e3 c5 4. b3 Nc6 5. Bb2 Bg4 6. Be2 e6 7. h3 Bxf3 8. Bxf3
cxd4 9. exd4 Be7 10. O-O O-O 11. Nd2 Rc8 12. Be2 Re8 13. Nf3 Ne4 14. c4 Qa5 15.
Bd3 Ba3 16. Bxa3 Qxa3 17. c5 h6 18. Qc1 Qxc1 19. Rfxc1 a6 20. a3 Ng5 21. Nd2
Nxd4 22. b4 e5 23. Rd1 e4 24. Bf1 Nge6 25. Nb1 a5 26. Nc3 Nc2 27. Rac1 axb4 28.
axb4 Nxb4 29. Nxd5 Nxd5 30. Rxd5 Rc7 31. Re5 Rec8 32. Rxe4 Rxc5 33. Rb1 Rc1 34.
Reb4 Rxb1 35. Rxb1 Rc7 36. g3 Kf8 37. Bg2 Nd8 38. h4 Ke7 39. Rb4 Nc6 40. Rb5 Rd7
41. Bh3 Rc7 42. Bg2 g6 43. h5 Kf6 44. hxg6 fxg6 45. f4 Rd7 46. Rb6 Rc7 47. Be4
h5 48. Kg2 Kg7 49. Kh3 Re7 50. Bxc6 bxc6 51. Rxc6 1/2-1/2

[Event "Chess Stars 5.0 Rapid"]
[Site "Moscow RUS"]
[Date "2025.06.27"]
[Round "6.1"]
[White "Gunina, Valentina"]
[Black "Goryachkina, Aleksandra"]
[Result "0-1"]
[WhiteTitle "GM"]
[BlackTitle "GM"]
[WhiteElo "2416"]
[BlackElo "2533"]
[WhiteFideId "4167570"]
[BlackFideId "4147103"]
[EventDate "2025.06.26"]

1. d4 d5 2. c4 c6 3. Nc3 Nf6 4. e3 e6 5. Nf3 Nbd7 6. Be2 Bd6 7. b3 O-O 8. O-O e5
9. dxe5 Nxe5 10. cxd5 Nxf3+ 11. Bxf3 Be5 12. Bb2 Nxd5 13. Bxd5 cxd5 14. Na4 Bxb2
15. Nxb2 Qg5 16. Qf3 h6 17. Nd3 Bg4 18. Qf4 Be2 19. Rfd1 Bxd1 20. Rxd1 d4 21.
Qxg5 hxg5 22. exd4 Rfd8 23. Nc5 Rac8 24. b4 a5 25. h4 axb4 26. Nxb7 Rd7 27. Na5
gxh4 28. Rd2 Rd5 29. Nb3 g6 30. Kh2 Kg7 31. Kh3 g5 32. Re2 Kg6 33. f3 Rd6 34. g3
Rc3 35. gxh4 Rxf3+ 36. Kg2 g4 37. Re5 f5 38. Rb5 Ra6 39. Na5 Kh5 40. d5 Kxh4 41.
Kh2 Rf2+ 42. Kg1 Rxa2 43. Nc6 Rb2 44. Na5 f4 0-1

[Event "Chess Stars 5.0 Rapid"]
[Site "Moscow RUS"]
[Date "2025.06.27"]
[Round "6.2"]
[White "Lagno, Kateryna"]
[Black "Karjakin, Sergey"]
[Result "0-1"]
[WhiteTitle "GM"]
[BlackTitle "GM"]
[WhiteElo "2515"]
[BlackElo "2750"]
[WhiteFideId "14109336"]
[BlackFideId "14109603"]
[EventDate "2025.06.26"]

1. e4 c5 2. Nf3 d6 3. Bb5+ Nd7 4. d4 cxd4 5. Qxd4 Nf6 6. O-O g6 7. Rd1 Bg7 8. e5
dxe5 9. Nxe5 a6 10. Ba4 O-O 11. Qe3 Qc7 12. Nxd7 Bxd7 13. Bxd7 Nxd7 14. Nc3 e6
15. Qh3 h5 16. Bg5 Nc5 17. Qf3 Rfc8 18. Bf6 b5 19. Rd2 Bxf6 20. Qxf6 b4 0-1

[Event "Chess Stars 5.0 Rapid"]
[Site "Moscow RUS"]
[Date "2025.06.27"]
[Round "6.3"]
[White "Assaubayeva, Bibisara"]
[Black "Hou, Yifan"]
[Result "1/2-1/2"]
[WhiteTitle "IM"]
[BlackTitle "GM"]
[WhiteElo "2509"]
[BlackElo "2633"]
[WhiteFideId "13708694"]
[BlackFideId "8602980"]
[EventDate "2025.06.26"]

1. e4 c5 2. Nf3 e6 3. d4 cxd4 4. Nxd4 a6 5. Bd3 Nf6 6. O-O Qc7 7. Qe2 d6 8. f4
Nc6 9. Be3 Be7 10. Nc3 O-O 11. Kh1 Nxd4 12. Bxd4 e5 13. Be3 b5 14. fxe5 dxe5 15.
Bg5 b4 16. Nd1 Bg4 17. Qe1 Bxd1 18. Rxd1 Nh5 19. Bd2 a5 20. Qe2 Nf4 21. Bxf4
exf4 22. e5 Bg5 23. Qh5 h6 24. h4 g6 25. Qg4 Qxe5 26. hxg5 hxg5 27. Rde1 Qc5 28.
g3 fxg3 29. Qxg3 Rae8 30. Rxe8 Rxe8 31. Qf2 Qxf2 32. Rxf2 Kg7 33. Kg2 f5 34. Re2
Ra8 35. Re6 Ra7 36. Kf3 Rc7 37. Ra6 Rc5 38. b3 Kh6 39. Bc4 Kh5 40. Bf7 Rc3+ 41.
Kf2 Rxc2+ 42. Kf3 Rc3+ 43. Kf2 Rc2+ 44. Kf3 Rc3+ 45. Kf2 1/2-1/2

[Event "Chess Stars 5.0 Rapid"]
[Site "Moscow RUS"]
[Date "2025.06.27"]
[Round "6.4"]
[White "Tomashevsky, Evgeny"]
[Black "Sadhwani, Raunak"]
[Result "1-0"]
[WhiteTitle "GM"]
[BlackTitle "GM"]
[WhiteElo "2681"]
[BlackElo "2672"]
[WhiteFideId "4147235"]
[BlackFideId "35093487"]
[EventDate "2025.06.26"]

1. d4 Nf6 2. c4 e6 3. Nf3 d5 4. Nc3 c5 5. cxd5 cxd4 6. Qxd4 exd5 7. Bg5 Be7 8.
e3 O-O 9. Be2 h6 10. Bh4 Nc6 11. Qd3 Qb6 12. O-O Rd8 13. Rfd1 Be6 14. Nb5 Rac8
15. Nbd4 Nxd4 16. Nxd4 g5 17. Bg3 Ne4 18. Be5 Bf6 19. Bxf6 Nxf6 20. Rac1 Rxc1
21. Rxc1 Rc8 22. Rxc8+ Bxc8 23. Qc3 Bd7 24. Bd3 Qd6 25. Qa5 Qb6 26. Qxb6 axb6
27. f3 Kf8 28. Kf2 Ke7 29. Ke2 h5 30. g3 Kd6 31. h4 g4 32. f4 b5 33. a3 Ne4 34.
Bxe4 dxe4 35. Kd2 b4 36. axb4 b5 37. f5 f6 38. Ne2 Ke5 39. Nf4 Be8 40. Kc3 Bf7
41. b3 Be8 42. Ne6 Bf7 43. Nc7 Kxf5 44. Kd4 1-0

[Event "Chess Stars 5.0 Rapid"]
[Site "Moscow RUS"]
[Date "2025.06.27"]
[Round "6.5"]
[White "Artemiev, Vladislav"]
[Black "Radjabov, Teimour"]
[Result "1/2-1/2"]
[WhiteTitle "GM"]
[BlackTitle "GM"]
[WhiteElo "2676"]
[BlackElo "2692"]
[WhiteFideId "24101605"]
[BlackFideId "13400924"]
[EventDate "2025.06.26"]

1. c4 c6 2. Nf3 d5 3. e3 Nf6 4. Qc2 g6 5. b3 Bg7 6. Bb2 O-O 7. Be2 Bf5 8. d3 Na6
9. a3 Nc5 10. O-O dxc4 11. Qxc4 Bxd3 12. Bxd3 Nxd3 13. Bd4 c5 14. Bxf6 Bxf6 15.
Ra2 Ne5 1/2-1/2

[Event "Chess Stars 5.0 Rapid"]
[Site "Moscow RUS"]
[Date "2025.06.28"]
[Round "7.1"]
[White "Radjabov, Teimour"]
[Black "Gunina, Valentina"]
[Result "1/2-1/2"]
[WhiteTitle "GM"]
[BlackTitle "GM"]
[WhiteElo "2692"]
[BlackElo "2416"]
[WhiteFideId "13400924"]
[BlackFideId "4167570"]
[EventDate "2025.06.26"]

1. d4 d5 2. Nf3 Nf6 3. Bf4 c5 4. dxc5 e6 5. e3 Bxc5 6. Nbd2 O-O 7. Bd3 Nc6 8.
O-O Re8 9. e4 e5 10. Bg5 dxe4 11. Nxe4 Be7 12. Bxf6 Bxf6 13. Nd6 Rf8 14. Nxc8
Rxc8 15. c3 g6 16. Re1 Bg7 17. Be4 Qe7 18. Qe2 Rfe8 19. Bd5 Kh8 20. h4 f5 21.
Ng5 Bf6 22. Nf7+ Kg7 23. h5 Nd8 24. Nxd8 Rcxd8 25. Rad1 1/2-1/2

[Event "Chess Stars 5.0 Rapid"]
[Site "Moscow RUS"]
[Date "2025.06.28"]
[Round "7.2"]
[White "Sadhwani, Raunak"]
[Black "Artemiev, Vladislav"]
[Result "1/2-1/2"]
[WhiteTitle "GM"]
[BlackTitle "GM"]
[WhiteElo "2672"]
[BlackElo "2676"]
[WhiteFideId "35093487"]
[BlackFideId "24101605"]
[EventDate "2025.06.26"]

1. e4 e5 2. Nf3 Nc6 3. Bb5 Nf6 4. O-O Nxe4 5. Re1 Nd6 6. Nxe5 Be7 7. Bf1 Nxe5 8.
Rxe5 O-O 9. Nc3 Ne8 10. Nd5 Bd6 11. Re1 c6 12. Ne3 Be7 13. c4 Nc7 14. d4 d5 15.
cxd5 Bb4 16. Bd2 Bxd2 17. Qxd2 Nxd5 18. Nxd5 Qxd5 19. Re5 1/2-1/2

[Event "Chess Stars 5.0 Rapid"]
[Site "Moscow RUS"]
[Date "2025.06.28"]
[Round "7.3"]
[White "Hou, Yifan"]
[Black "Tomashevsky, Evgeny"]
[Result "1/2-1/2"]
[WhiteTitle "GM"]
[BlackTitle "GM"]
[WhiteElo "2633"]
[BlackElo "2681"]
[WhiteFideId "8602980"]
[BlackFideId "4147235"]
[EventDate "2025.06.26"]

1. e4 e5 2. Nf3 Nc6 3. Bb5 Nf6 4. O-O Nxe4 5. Re1 Nd6 6. Nxe5 Be7 7. Bf1 Nxe5 8.
Rxe5 O-O 9. d4 Bf6 10. Re1 Re8 11. c3 Rxe1 12. Qxe1 Ne8 13. Bd3 d5 14. Bf4 c6
15. Nd2 g6 16. Qe2 Ng7 17. h3 Bf5 1/2-1/2

[Event "Chess Stars 5.0 Rapid"]
[Site "Moscow RUS"]
[Date "2025.06.28"]
[Round "7.4"]
[White "Karjakin, Sergey"]
[Black "Assaubayeva, Bibisara"]
[Result "1/2-1/2"]
[WhiteTitle "GM"]
[BlackTitle "IM"]
[WhiteElo "2750"]
[BlackElo "2509"]
[WhiteFideId "14109603"]
[BlackFideId "13708694"]
[EventDate "2025.06.26"]

1. e4 c5 2. Nf3 d6 3. d4 cxd4 4. Nxd4 Nf6 5. Nc3 a6 6. h3 e5 7. Nb3 Be6 8. f4
Nbd7 9. g4 h6 10. f5 Bxb3 11. axb3 d5 12. exd5 Bb4 13. Bg2 Qb6 14. Qe2 Rc8 15.
Be3 Qc7 16. O-O Bxc3 17. bxc3 Qxc3 18. d6 e4 19. Ra4 O-O 20. Rf2 Rfe8 21. Qd2
Qe5 22. Rd4 b5 23. Bf4 Qc5 24. Be3 Qe5 25. b4 Rc4 26. Rxc4 bxc4 27. Qd4 Qb5 28.
c3 Nd5 29. Re2 N7f6 30. Rd2 Rd8 31. Bxe4 Nxc3 32. Bg2 Na4 33. Bf1 Qxb4 34. Bxc4
a5 35. g5 hxg5 36. Bxg5 Qc5 37. Qxc5 Nxc5 38. Bxf6 gxf6 39. Rd5 Nd7 40. Bb5 a4
41. Bxa4 Nb6 42. Rd4 Nxa4 43. Rxa4 Rxd6 1/2-1/2

[Event "Chess Stars 5.0 Rapid"]
[Site "Moscow RUS"]
[Date "2025.06.28"]
[Round "7.5"]
[White "Goryachkina, Aleksandra"]
[Black "Lagno, Kateryna"]
[Result "1/2-1/2"]
[WhiteTitle "GM"]
[BlackTitle "GM"]
[WhiteElo "2533"]
[BlackElo "2515"]
[WhiteFideId "4147103"]
[BlackFideId "14109336"]
[EventDate "2025.06.26"]

1. e4 e5 2. Nf3 Nc6 3. Bb5 a6 4. Ba4 Nf6 5. O-O b5 6. Bb3 Bc5 7. a4 Rb8 8. axb5
axb5 9. Nxe5 Nxe5 10. d4 Bxd4 11. Qxd4 d6 12. f4 Nc6 13. Qd3 O-O 14. Nc3 Nb4 15.
Qd2 Be6 16. Bxe6 fxe6 17. Ne2 Nc6 18. Qd3 d5 19. exd5 Qxd5 20. Qxd5 exd5 21. f5
Rbe8 22. Nf4 Nd4 23. Ra7 Rf7 24. Bd2 Nxf5 25. Ba5 Nd4 26. Rxc7 Rxc7 27. Bxc7
Nxc2 28. Bb6 Re4 29. Nd3 Nb4 30. Nc5 Re2 31. Bd8 Rxb2 32. Bxf6 gxf6 33. Rxf6 Rc2
34. Ne6 Rc8 35. Nd4 Nc2 1/2-1/2

[Event "Chess Stars 5.0 Rapid"]
[Site "Moscow RUS"]
[Date "2025.06.28"]
[Round "8.1"]
[White "Gunina, Valentina"]
[Black "Lagno, Kateryna"]
[Result "0-1"]
[WhiteTitle "GM"]
[BlackTitle "GM"]
[WhiteElo "2416"]
[BlackElo "2515"]
[WhiteFideId "4167570"]
[BlackFideId "14109336"]
[EventDate "2025.06.26"]

1. e4 e5 2. Nf3 Nc6 3. Bc4 Bc5 4. c3 Nf6 5. d3 a6 6. a4 d6 7. O-O O-O 8. Nbd2
Ba7 9. h3 h6 10. Re1 Re8 11. Nf1 Qe7 12. Be3 Bxe3 13. Nxe3 Be6 14. Nd5 Qd8 15.
b4 Bxd5 16. exd5 Ne7 17. Qb3 Qd7 18. d4 e4 19. Nd2 Nf5 20. b5 e3 21. fxe3 Nxe3
22. Nf1 Nxc4 23. Qxc4 axb5 24. axb5 Rxa1 25. Rxa1 Qf5 26. Rd1 Nxd5 27. Ng3 Qg5
28. Rf1 Qxg3 29. Qxd5 Re7 30. c4 b6 31. Rf3 Re1+ 0-1

[Event "Chess Stars 5.0 Rapid"]
[Site "Moscow RUS"]
[Date "2025.06.28"]
[Round "8.2"]
[White "Assaubayeva, Bibisara"]
[Black "Goryachkina, Aleksandra"]
[Result "1/2-1/2"]
[WhiteTitle "IM"]
[BlackTitle "GM"]
[WhiteElo "2509"]
[BlackElo "2533"]
[WhiteFideId "13708694"]
[BlackFideId "4147103"]
[EventDate "2025.06.26"]

1. e4 e5 2. Nf3 Nc6 3. Bb5 Nf6 4. O-O Nxe4 5. Re1 Nd6 6. a4 Be7 7. Nc3 a6 8. Bf1
e4 9. Nxe4 Nxe4 10. Rxe4 d5 11. Re1 Bg4 12. h3 Bh5 13. c3 d4 14. b4 O-O 15. Bb2
dxc3 16. dxc3 Qxd1 17. Raxd1 Bxf3 18. gxf3 Bd6 19. Bc1 Rfe8 20. f4 Rxe1 21. Rxe1
Kf8 22. Bg2 Re8 23. Rd1 Rd8 24. Kf1 Be7 25. Bd2 f5 26. Ke2 Rd6 27. Rb1 Ke8 28.
Be3 b6 29. Rd1 1/2-1/2

[Event "Chess Stars 5.0 Rapid"]
[Site "Moscow RUS"]
[Date "2025.06.28"]
[Round "8.3"]
[White "Tomashevsky, Evgeny"]
[Black "Karjakin, Sergey"]
[Result "1/2-1/2"]
[WhiteTitle "GM"]
[BlackTitle "GM"]
[WhiteElo "2681"]
[BlackElo "2750"]
[WhiteFideId "4147235"]
[BlackFideId "14109603"]
[EventDate "2025.06.26"]

1. d4 Nf6 2. c4 e6 3. Nf3 d5 4. Nc3 c5 5. cxd5 cxd4 6. Qxd4 exd5 7. e4 dxe4 8.
Qxd8+ Kxd8 9. Ng5 Be6 10. Nxe6+ fxe6 11. Bg5 Ke8 12. Bc4 Kf7 13. Bxf6 gxf6 14.
Nxe4 Bb4+ 15. Ke2 Nc6 16. Rhd1 Rhd8 17. Rxd8 Rxd8 18. Rd1 Bf8 1/2-1/2

[Event "Chess Stars 5.0 Rapid"]
[Site "Moscow RUS"]
[Date "2025.06.28"]
[Round "8.4"]
[White "Artemiev, Vladislav"]
[Black "Hou, Yifan"]
[Result "1-0"]
[WhiteTitle "GM"]
[BlackTitle "GM"]
[WhiteElo "2676"]
[BlackElo "2633"]
[WhiteFideId "24101605"]
[BlackFideId "8602980"]
[EventDate "2025.06.26"]

1. d4 d5 2. c4 e6 3. Nc3 a6 4. cxd5 exd5 5. Bf4 Nf6 6. e3 c5 7. Nge2 Nc6 8. g3
Bg4 9. Bg2 cxd4 10. exd4 Bb4 11. Qd3 O-O 12. O-O Qd7 13. Be5 Bf5 14. Qf3 Be4 15.
Qf4 Nh5 16. Qh4 Bxg2 17. Kxg2 g6 18. Qh3 Qxh3+ 19. Kxh3 Rad8 20. Bc7 Rd7 21. Bb6
Re8 22. Rac1 Nf6 23. Nf4 Ba5 24. Bxa5 Nxa5 25. Na4 Nc4 26. b3 Nd2 27. Rfd1 Nde4
28. Kg2 Rde7 29. Nb6 Rd8 30. Re1 g5 31. Nd3 Re6 32. Na4 Rde8 33. Rc7 b5 34. Nab2
g4 35. Nf4 Rd6 36. Nbd3 Kf8 37. Ne5 Re7 38. Rec1 Rxc7 39. Rxc7 Ng5 40. h4 gxh3+
41. Nxh3 Ne8 42. Ra7 Nxh3 43. Rxf7+ Kg8 44. Kxh3 Rf6 45. Rxf6 Nxf6 46. f3 Kf8
47. Kh4 h6 48. Ng4 Ng8 49. Kh5 Kg7 50. f4 Kh7 51. f5 Ne7 52. Nxh6 Nc6 53. g4
Nxd4 54. g5 Nf3 55. g6+ Kg7 56. Ng4 1-0

[Event "Chess Stars 5.0 Rapid"]
[Site "Moscow RUS"]
[Date "2025.06.28"]
[Round "8.5"]
[White "Radjabov, Teimour"]
[Black "Sadhwani, Raunak"]
[Result "1/2-1/2"]
[WhiteTitle "GM"]
[BlackTitle "GM"]
[WhiteElo "2692"]
[BlackElo "2672"]
[WhiteFideId "13400924"]
[BlackFideId "35093487"]
[EventDate "2025.06.26"]

1. d4 Nf6 2. c4 e6 3. Nf3 d5 4. Nc3 c5 5. cxd5 cxd4 6. Qxd4 exd5 7. e4 dxe4 8.
Qxd8+ Kxd8 9. Ng5 Be6 10. Nxe6+ fxe6 11. Bg5 Nc6 12. O-O-O+ Ke8 13. Bxf6 gxf6
14. Nxe4 f5 1/2-1/2

[Event "Chess Stars 5.0 Rapid"]
[Site "Moscow RUS"]
[Date "2025.06.28"]
[Round "9.1"]
[White "Sadhwani, Raunak"]
[Black "Gunina, Valentina"]
[Result "1-0"]
[WhiteTitle "GM"]
[BlackTitle "GM"]
[WhiteElo "2672"]
[BlackElo "2416"]
[WhiteFideId "35093487"]
[BlackFideId "4167570"]
[EventDate "2025.06.26"]

1. c4 c6 2. d4 d5 3. Nf3 Nf6 4. e3 Bf5 5. Nc3 e6 6. Nh4 Be4 7. f3 Bg6 8. Bd2 Be7
9. Nxg6 hxg6 10. Qc2 a5 11. O-O-O O-O 12. h4 Nbd7 13. g4 a4 14. h5 g5 15. h6 g6
16. e4 dxe4 17. Nxe4 Nxe4 18. h7+ Kh8 19. fxe4 Bf6 20. e5 Bg7 21. Bc3 c5 22. d5
exd5 23. Rxd5 Qe7 24. Bg2 Ra6 25. Re1 a3 26. bxa3 Re6 27. Rdd1 Nxe5 28. Bd5 Ra6
29. Qb2 Re8 30. Re3 f6 31. Bxe5 fxe5 32. Qxb7 Qxb7 33. Bxb7 Ra4 34. Bd5 e4 35.
Bf7 Bd4 36. Bxe8 Bxe3+ 37. Kb1 Ra6 38. Re1 Bd4 39. Rxe4 Kxh7 40. a4 Rf6 41. a5
Rf1+ 42. Kc2 Ra1 43. a4 Ra2+ 44. Kb3 Rb2+ 45. Ka3 Rb7 46. a6 Ra7 47. Re6 Kg7 48.
Bxg6 Bc3 49. Be4 Bb4+ 50. Kb3 Rd7 51. Rg6+ Kf8 52. Rh6 Kg8 53. Rh7 1-0

[Event "Chess Stars 5.0 Rapid"]
[Site "Moscow RUS"]
[Date "2025.06.28"]
[Round "9.2"]
[White "Hou, Yifan"]
[Black "Radjabov, Teimour"]
[Result "1/2-1/2"]
[WhiteTitle "GM"]
[BlackTitle "GM"]
[WhiteElo "2633"]
[BlackElo "2692"]
[WhiteFideId "8602980"]
[BlackFideId "13400924"]
[EventDate "2025.06.26"]

1. e4 e5 2. Nf3 Nf6 3. Nxe5 d6 4. Nf3 Nxe4 5. d4 d5 6. Bd3 Bf5 7. O-O Be7 8. Re1
O-O 9. Nbd2 Nd6 10. Nf1 c6 11. Ng3 Bxd3 12. Qxd3 Na6 13. c3 Nc7 14. Re2 Re8 1/2-1/2

[Event "Chess Stars 5.0 Rapid"]
[Site "Moscow RUS"]
[Date "2025.06.28"]
[Round "9.3"]
[White "Karjakin, Sergey"]
[Black "Artemiev, Vladislav"]
[Result "1/2-1/2"]
[WhiteTitle "GM"]
[BlackTitle "GM"]
[WhiteElo "2750"]
[BlackElo "2676"]
[WhiteFideId "14109603"]
[BlackFideId "24101605"]
[EventDate "2025.06.26"]

1. e4 e5 2. Nf3 Nc6 3. Bb5 Nf6 4. O-O Nxe4 5. Re1 Nd6 6. Nxe5 Be7 7. Bf1 Nxe5 8.
Rxe5 O-O 9. d4 Ne8 10. Re1 d5 11. Bd3 c6 12. Bf4 Bd6 13. Be5 f6 14. Bxd6 Nxd6
15. Qh5 g6 16. Bxg6 hxg6 17. Qxg6+ Kh8 18. Qh6+ Kg8 19. Qg6+ 1/2-1/2

[Event "Chess Stars 5.0 Rapid"]
[Site "Moscow RUS"]
[Date "2025.06.28"]
[Round "9.4"]
[White "Goryachkina, Aleksandra"]
[Black "Tomashevsky, Evgeny"]
[Result "1/2-1/2"]
[WhiteTitle "GM"]
[BlackTitle "GM"]
[WhiteElo "2533"]
[BlackElo "2681"]
[WhiteFideId "4147103"]
[BlackFideId "4147235"]
[EventDate "2025.06.26"]

1. d4 Nf6 2. c4 e6 3. Nf3 d5 4. Nc3 Be7 5. Bf4 O-O 6. e3 Nbd7 7. a3 c5 8. cxd5
Nxd5 9. Nxd5 exd5 10. dxc5 Nxc5 11. Be5 Bf5 12. Be2 Bf6 13. O-O Bxe5 14. Nxe5
Qf6 15. b4 Qxe5 16. bxc5 Rac8 17. Qd4 Qxd4 18. exd4 b6 1/2-1/2

[Event "Chess Stars 5.0 Rapid"]
[Site "Moscow RUS"]
[Date "2025.06.28"]
[Round "9.5"]
[White "Lagno, Kateryna"]
[Black "Assaubayeva, Bibisara"]
[Result "1/2-1/2"]
[WhiteTitle "GM"]
[BlackTitle "IM"]
[WhiteElo "2515"]
[BlackElo "2509"]
[WhiteFideId "14109336"]
[BlackFideId "13708694"]
[EventDate "2025.06.26"]

1. e4 c5 2. Nf3 d6 3. Bb5+ Nd7 4. d4 cxd4 5. Qxd4 a6 6. Be2 Ngf6 7. O-O e5 8.
Qe3 Nc5 9. Nc3 Ng4 10. Qd2 Nf6 11. Qe3 Ng4 12. Qd2 Nf6 1/2-1/2